000 00320nam a2200121Ia 4500
008 220120s9999||||xx |||||||||||||| ||und||
082 _a823 BAG
100 _aBagshawe, Tilly
245 0 _aSidney sheldons: the tides of memory
260 _aHarper Collins
_bBangalooru
_c2013
300 _b0
650 _aTELECOMMUNICATION
999 _c137305
_d137305